[Event "Junior Online 4NCL Division 3"]
[Site "online"]
[Date "2020.11.12"]
[Round "7.34"]
[White "Miles, Jacob"]
[Black "Rees, Jack"]
[Result "1/2-1/2"]
[WhiteElo "1022"]
[BlackElo "653"]
[PlyCount "121"]
[EventDate "2020.11.12"]
[WhiteTeam "Leicestershire Juniors 3"]
[BlackTeam "Border Bandits 2"]

1. e4 e5 2. Nf3 Nc6 3. Nc3 Bc5 4. Bc4 f5 5. exf5 d5 6. Bxd5 Nge7 7. Bc4 Bxf5 8.
d3 e4 9. dxe4 Bb4 10. Qxd8+ Rxd8 11. exf5 Nxf5 12. O-O Rf8 13. a3 Bc5 14. b4
Be7 15. Nd5 Bf6 16. Nxc7+ Kd7 17. Nd5 Bxa1 18. Rd1 Kc8 19. Bg5 Rd7 20. Re1 h6
21. Bf4 g5 22. Bd2 g4 23. Ne5 Bxe5 24. b5 Re8 25. bxc6 Rc7 26. Nxc7 Rd8 27. Bg5
hxg5 28. Ne6 Rd2 29. Nxg5 Rxc2 30. Bd3 Bc3 31. Bxc2 Bxe1 32. Bxf5+ Kc7 33. Ne6+
Kb6 34. h3 bxc6 35. hxg4 Ba5 36. g5 Bc3 37. Kf1 c5 38. Ke2 Bb2 39. g6 c4 40. g7
Bxg7 41. Nxg7 c3 42. Kd3 Kc5 43. Kxc3 a5 44. Ne6+ Kb5 45. Nc5 Kxc5 46. a4 Kd5
47. g4 Ke5 48. f4+ Kxf4 49. g5 Kxf5 50. Kc4 Kxg5 51. Kb5 Kf6 52. Kxa5 Ke6 53.
Kb5 Kd6 54. a5 Kc7 55. a6 Kb8 56. Kb6 Ka8 57. Kc6 Ka7 58. Kb5 Ka8 59. Kb6 Kb8
60. a7+ Ka8 61. Ka6 1/2-1/2

[Event "Junior Online 4NCL Division 3"]
[Site "online"]
[Date "2020.11.12"]
[Round "7.35"]
[White "Masood, Rameen"]
[Black "Jessop, Osian"]
[Result "1-0"]
[WhiteElo "1097"]
[BlackElo "1442"]
[PlyCount "29"]
[EventDate "2020.11.12"]
[WhiteTeam "Leicestershire Juniors 3"]
[BlackTeam "Border Bandits 2"]

1. e4 e5 2. Nf3 Nc6 3. Bc4 Bc5 4. c3 d6 5. d4 exd4 6. cxd4 Bb4+ 7. Nc3 Bxc3+ 8.
bxc3 Bg4 9. Bxf7+ Kxf7 10. Ng5+ Kg6 11. Qxg4 Nf6 12. Qf5+ Kh5 13. Nf7+ Kh4 14.
Nxd8 Raxd8 15. g3# 1-0

[Event "Junior Online 4NCL Division 3"]
[Site "online"]
[Date "2020.11.12"]
[Round "7.36"]
[White "Watkins, Gabby"]
[Black "Rahimifard, Cyrus"]
[Result "1-0"]
[WhiteElo "1087"]
[BlackElo "1127"]
[PlyCount "63"]
[EventDate "2020.11.12"]
[WhiteTeam "Border Bandits 2"]
[BlackTeam "Leicestershire Juniors 3"]

1. c4 e5 2. g3 Bc5 3. Bg2 Nf6 4. Nc3 Nc6 5. a3 a5 6. e3 O-O 7. Nge2 d6 8. d4
exd4 9. exd4 Bb6 10. O-O Bg4 11. Re1 Bxe2 12. Nxe2 d5 13. b3 dxc4 14. bxc4 Re8
15. Bb2 Ng4 16. h3 Nf6 17. Qd2 Qe7 18. Rac1 Rad8 19. Rcd1 Ba7 20. Nc3 b5 21.
Rxe7 Rxe7 22. Bxc6 bxc4 23. Re1 Bxd4 24. Rxe7 h6 25. Rxc7 Bxc3 26. Qxc3 Rd1+
27. Kg2 Rd8 28. Qxc4 g5 29. Bxf6 h5 30. Bxd8 h4 31. Qxf7+ Kh8 32. Qh7# 1-0

[Event "Junior Online 4NCL Division 3"]
[Site "online"]
[Date "2020.11.12"]
[Round "7.37"]
[White "Abraham, Leo"]
[Black "Haddow, Dylan"]
[Result "1-0"]
[WhiteElo "1015"]
[BlackElo "846"]
[PlyCount "59"]
[EventDate "2020.11.12"]
[WhiteTeam "Leicestershire Juniors 3"]
[BlackTeam "Border Bandits 2"]

1. e4 e5 2. Nf3 Nc6 3. Bc4 Bc5 4. Nc3 d6 5. O-O h6 6. h3 Nf6 7. d3 O-O 8. Be3
Bxe3 9. fxe3 Bg4 10. d4 Bxh3 11. gxh3 Nxe4 12. Nxe4 d5 13. Nc3 e4 14. Bxd5 exf3
15. Rxf3 Qg5+ 16. Kf2 Qh4+ 17. Ke2 Rae8 18. Qd3 Nb4 19. Qd2 Qh5 20. Bb3 Re6 21.
Bxe6 fxe6 22. Raf1 c6 23. Qd1 Rf6 24. Kd2 Rg6 25. Rf8+ Kh7 26. Qxh5 Rg2+ 27.
Kc1 a5 28. Re8 a4 29. Rff8 g6 30. Rf7# 1-0

[Event "Junior Online 4NCL Division 3"]
[Site "online"]
[Date "2020.11.12"]
[Round "7.38"]
[White "Rees, Jack"]
[Black "Miles, Jacob"]
[Result "1-0"]
[WhiteElo "653"]
[BlackElo "1022"]
[PlyCount "37"]
[EventDate "2020.11.12"]
[WhiteTeam "Border Bandits 2"]
[BlackTeam "Leicestershire Juniors 3"]

1. e4 e5 2. Nf3 Nf6 3. Bd3 Bd6 4. O-O O-O 5. a4 a5 6. Nc3 Nc6 7. Ng5 h6 8. Nf3
Be7 9. Nxe5 Nxe5 10. Nd5 Nxd5 11. exd5 Nxd3 12. cxd3 Bc5 13. d4 Bxd4 14. Qg4 d6
15. Qxd4 c5 16. Qc3 b6 17. b3 Bb7 18. Bb2 Bxd5 19. Qxg7# 1-0

[Event "Junior Online 4NCL Division 3"]
[Site "online"]
[Date "2020.11.12"]
[Round "7.41"]
[White "Groshong, William"]
[Black "Gandhi, Preesh"]
[Result "1-0"]
[WhiteElo "900"]
[BlackElo "1082"]
[PlyCount "25"]
[EventDate "2020.11.12"]
[WhiteTeam "Rhodes Avenue Knights"]
[BlackTeam "Warwickshire Bears G"]

1. e4 e5 2. Nf3 Nc6 3. d4 exd4 4. Bc4 Nf6 5. O-O Bc5 6. c3 dxc3 7. e5 cxb2 8.
Bxb2 Ne4 9. Qd5 O-O 10. Qxe4 Qe7 11. Bd3 Re8 12. Qxh7+ Kf8 13. Qh8# 1-0

[Event "Junior Online 4NCL Division 3"]
[Site "online"]
[Date "2020.11.12"]
[Round "7.42"]
[White "Khashu, Rohan"]
[Black "Bolt, James"]
[Result "1-0"]
[WhiteElo "1037"]
[BlackElo "900"]
[PlyCount "103"]
[EventDate "2020.11.12"]
[WhiteTeam "Warwickshire Bears G"]
[BlackTeam "Rhodes Avenue Knights"]

1. e4 e5 2. Nf3 Nc6 3. Bc4 Bc5 4. Nc3 Nf6 5. d3 h6 6. O-O O-O 7. a3 d6 8. b4
Bb6 9. a4 Bg4 10. a5 Bd4 11. Bd2 Bxc3 12. Bxc3 a6 13. d4 exd4 14. Bxd4 b5 15.
Be2 Nxb4 16. h3 Bh5 17. Rb1 c5 18. Bc3 Nc6 19. Bxf6 Qxf6 20. Qd5 Rac8 21. Qxh5
g6 22. Qxh6 Nxa5 23. Ng5 Qh8 24. Nh7 Qxh7 25. Qf4 b4 26. Bxa6 Ra8 27. Bd3 c4
28. Be2 Nc6 29. Qxd6 Rac8 30. Bxc4 Rfd8 31. Qf4 Nd4 32. Bd3 Ne6 33. Qf6 Rb8 34.
Rfe1 Nc5 35. Bc4 Nd7 36. Qf3 Ne5 37. Qb3 Rbc8 38. Ba6 Rc6 39. Ra1 Nd7 40. Qxb4
Nc5 41. Bb5 Rb8 42. Ra8 Rxa8 43. Bxc6 Rc8 44. Qxc5 Qh5 45. Qc3 Rd8 46. Qf6 Rd2
47. Be8 Kh7 48. Qxf7+ Kh6 49. Qf4+ g5 50. Qxd2 Qxe8 51. h4 Kh5 52. Qxg5# 1-0

[Event "Junior Online 4NCL Division 3"]
[Site "online"]
[Date "2020.11.12"]
[Round "7.43"]
[White "Crewe, Ben"]
[Black "Madoc, Gaspard"]
[Result "1-0"]
[WhiteElo "875"]
[BlackElo "1067"]
[PlyCount "37"]
[EventDate "2020.11.12"]
[WhiteTeam "Rhodes Avenue Knights"]
[BlackTeam "Warwickshire Bears G"]

1. e4 e5 2. Nf3 Nc6 3. Bc4 Bc5 4. d3 d6 5. h3 h6 6. Nc3 Nf6 7. O-O O-O 8. a3 a5
9. Be3 Bb6 10. Nd5 Nxd5 11. Bxd5 Be6 12. c4 Bxd5 13. cxd5 Nd4 14. Bxd4 exd4 15.
Qd2 Qe7 16. b4 axb4 17. Qxb4 c5 18. Qxb6 Ra6 19. Qb3 1-0

[Event "Junior Online 4NCL Division 3"]
[Site "online"]
[Date "2020.11.12"]
[Round "7.44"]
[White "Patel, Diah Dipal"]
[Black "Larcombe, Dominic"]
[Result "1-0"]
[WhiteElo "895"]
[BlackElo "875"]
[PlyCount "41"]
[EventDate "2020.11.12"]
[WhiteTeam "Warwickshire Bears G"]
[BlackTeam "Rhodes Avenue Knights"]

1. e4 e5 2. Nf3 Nc6 3. Nc3 Nf6 4. Bc4 Bc5 5. d3 h6 6. Bd2 d6 7. Qe2 Bg4 8.
O-O-O Nd4 9. Qe1 O-O 10. h3 Bh5 11. g4 Bg6 12. Nxd4 Bxd4 13. Qg1 a6 14. g5 hxg5
15. Qxg5 Nd7 16. Qg4 Bxc3 17. Bxc3 Nc5 18. Rhg1 Qe8 19. Qxg6 Ne6 20. Bxe6 Qxe6
21. Qxg7# 1-0

[Event "Junior Online 4NCL Division 3"]
[Site "online"]
[Date "2020.11.12"]
[Round "7.45"]
[White "Gandhi, Preesh"]
[Black "Groshong, William"]
[Result "0-1"]
[WhiteElo "1082"]
[BlackElo "900"]
[PlyCount "84"]
[EventDate "2020.11.12"]
[WhiteTeam "Warwickshire Bears G"]
[BlackTeam "Rhodes Avenue Knights"]

1. e4 e5 2. Nf3 Nc6 3. Bc4 Bc5 4. d3 h6 5. O-O Nf6 6. h3 O-O 7. Be3 Bb6 8. Nc3
d6 9. Nd2 Be6 10. Bb3 Re8 11. Qf3 Nd4 12. Bxd4 exd4 13. Ne2 Bxb3 14. axb3 Qe7
15. Ra4 c5 16. c3 dxc3 17. Nxc3 Rad8 18. Re1 d5 19. Qe3 d4 20. Qe2 dxc3 21.
bxc3 a6 22. Nf3 Bc7 23. b4 b5 24. Rxa6 cxb4 25. cxb4 Qxb4 26. Ra2 Qb3 27. Raa1
Rxd3 28. Rab1 Qa3 29. Ra1 Qc3 30. Rec1 Qb3 31. Rxc7 Rxe4 32. Qf1 b4 33. Kh2 Nd5
34. Rc8+ Kh7 35. Raa8 Rd1 36. Rh8+ Kg6 37. Qa6+ Nf6 38. Qb5 Qb2 39. Ra5 Rd5 40.
Qa6 Qxf2 41. Rxd5 Re2 42. Rc5 Qxg2# 0-1

[Event "Junior Online 4NCL Division 3"]
[Site "online"]
[Date "2020.11.12"]
[Round "7.46"]
[White "Bolt, James"]
[Black "Khashu, Rohan"]
[Result "0-1"]
[WhiteElo "900"]
[BlackElo "1037"]
[PlyCount "42"]
[EventDate "2020.11.12"]
[WhiteTeam "Rhodes Avenue Knights"]
[BlackTeam "Warwickshire Bears G"]

1. e4 e5 2. Nf3 Nc6 3. d4 exd4 4. Bc4 Bc5 5. c3 dxc3 6. Bxf7+ Kxf7 7. Qd5+ Ke8
8. Qxc5 Nf6 9. O-O Nxe4 10. Qe5+ Nxe5 11. Nxe5 c2 12. Nc3 Nxc3 13. bxc3 Qf6 14.
Re1 d6 15. Ng4+ Qe7 16. Bg5 Qxe1+ 17. Rxe1+ Kf8 18. Rc1 Bxg4 19. Rxc2 Re8 20.
f3 Bf5 21. g4 Bxc2 0-1

[Event "Junior Online 4NCL Division 3"]
[Site "online"]
[Date "2020.11.12"]
[Round "7.47"]
[White "Madoc, Gaspard"]
[Black "Crewe, Ben"]
[Result "0-1"]
[WhiteElo "1067"]
[BlackElo "875"]
[PlyCount "35"]
[EventDate "2020.11.12"]
[WhiteTeam "Warwickshire Bears G"]
[BlackTeam "Rhodes Avenue Knights"]

1. e4 c5 2. Bc4 Nc6 3. Nc3 d6 4. Nf3 Nf6 5. O-O Bg4 6. h3 Bh5 7. d3 h6 8. g4
Nxg4 9. hxg4 Bxg4 10. Be3 Ne5 11. Kg2 Bxf3+ 12. Qxf3 Nxf3 13. Kxf3 e6 14. Kf4
e5+ 15. Kf3 Qf6+ 16. Ke2 O-O-O 17. Nd5 Qg6 18. f3 0-1

[Event "Junior Online 4NCL Division 3"]
[Site "online"]
[Date "2020.11.12"]
[Round "7.48"]
[White "Larcombe, Dominic"]
[Black "Patel, Diah Dipal"]
[Result "0-1"]
[WhiteElo "875"]
[BlackElo "895"]
[PlyCount "68"]
[EventDate "2020.11.12"]
[WhiteTeam "Rhodes Avenue Knights"]
[BlackTeam "Warwickshire Bears G"]

1. e4 e5 2. Nf3 Nc6 3. Bc4 Nf6 4. Nc3 Bc5 5. d3 d6 6. Bg5 Bd7 7. Nd5 h6 8.
Nxf6+ gxf6 9. Bh4 Qe7 10. O-O O-O-O 11. Bd5 Rhg8 12. Nd2 Be6 13. Bxc6 bxc6 14.
Nb3 Bb6 15. Qd2 Qf8 16. Qe2 Qg7 17. Qf3 d5 18. Bxf6 Qg6 19. Bxd8 Kxd8 20. exd5
Bxd5 21. Qg3 Qh7 22. Qh4+ Kc8 23. Qh3+ Be6 24. Qf3 Bg4 25. Qxc6 Qg7 26. Qa8+
Kd7 27. Qd5+ Ke7 28. Rae1 f6 29. h3 Bxh3 30. Qxg8 Qxg8 31. Rxe5+ fxe5 32. g3
Bxf1 33. Kxf1 Qf7 34. c3 Qxf2# 0-1

[Event "Junior Online 4NCL Division 3"]
[Site "online"]
[Date "2020.11.12"]
[Round "7.51"]
[White "Ahmad, Amelia"]
[Black "Biswas, Snigdha"]
[Result "0-1"]
[WhiteElo "850"]
[BlackElo "300"]
[PlyCount "46"]
[EventDate "2020.11.12"]
[WhiteTeam "Blue Foxes"]
[BlackTeam "East Kilbride Rooks"]

1. e4 e5 2. Nf3 Nc6 3. Bc4 Bc5 4. d3 d6 5. Ng5 Be6 6. Bxe6 fxe6 7. Nxe6 Qe7 8.
Nxc5 dxc5 9. Qg4 Nf6 10. Qe2 Nd4 11. Qd1 O-O-O 12. O-O h5 13. Be3 Nc6 14. b4
cxb4 15. c3 bxc3 16. Nxc3 h4 17. Na4 h3 18. gxh3 Rxh3 19. Bc5 Qf7 20. Ba3 Qg6+
21. Kh1 Ng4 22. Nc5 Nxh2 23. Rg1 Nf3# 0-1

[Event "Junior Online 4NCL Division 3"]
[Site "online"]
[Date "2020.11.12"]
[Round "7.52"]
[White "Bhattacharjee, Aaditya"]
[Black "Harper, Lauren"]
[Result "1-0"]
[WhiteElo "250"]
[BlackElo "767"]
[PlyCount "63"]
[EventDate "2020.11.12"]
[WhiteTeam "East Kilbride Rooks"]
[BlackTeam "Blue Foxes"]

1. e4 e5 2. Nf3 Nf6 3. Nxe5 Nxe4 4. Qe2 d6 5. Qxe4 dxe5 6. Qxe5+ Be7 7. Nc3 O-O
8. Be2 f6 9. Qd5+ Qxd5 10. Nxd5 Bd8 11. Bc4 c6 12. Nc7+ Rf7 13. Bxf7+ Kxf7 14.
Nxa8 Bc7 15. Nxc7 Bg4 16. f3 Nd7 17. fxg4 Ne5 18. O-O Nxg4 19. h3 Ne5 20. d4
Nc4 21. b3 Nb6 22. c4 Kf8 23. c5 Nd5 24. Nxd5 cxd5 25. Re1 f5 26. Bg5 Kf7 27.
Re7+ Kf8 28. Rxb7 f4 29. Bxf4 g6 30. Bh6+ Ke8 31. Rf1 Kd8 32. Rf8# 1-0

[Event "Junior Online 4NCL Division 3"]
[Site "online"]
[Date "2020.11.12"]
[Round "7.53"]
[White "Gadhia, Sai"]
[Black "Vusikala, Tarun"]
[Result "1/2-1/2"]
[WhiteElo "775"]
[BlackElo "103"]
[PlyCount "219"]
[EventDate "2020.11.12"]
[WhiteTeam "Blue Foxes"]
[BlackTeam "East Kilbride Rooks"]

1. e4 c5 2. Nf3 Nc6 3. Nc3 e5 4. Bb5 Bd6 5. Qe2 Nf6 6. O-O O-O 7. Qc4 a6 8. Ba4
b5 9. Bxb5 axb5 10. Nxb5 Ba6 11. a4 Rb8 12. b4 Na7 13. bxc5 Nxb5 14. axb5 Bxb5
15. Qb4 Be2 16. Re1 Bxf3 17. Rf1 Be2 18. Re1 Bg4 19. Qa5 Qxa5 20. Rxa5 Bc7 21.
Ra6 Rb4 22. c3 Rc4 23. c6 Rxc6 24. Rxc6 dxc6 25. Ba3 Ra8 26. Ra1 Bd6 27. Bb2
Ra2 28. Rxa2 Nxe4 29. Ra4 Bf5 30. Ra8+ Bf8 31. Ba3 h6 32. Bxf8 Kh7 33. Re8 Nxd2
34. Rxe5 g6 35. Rc5 Bd7 36. Rf5 Ne4 37. Rxf7+ Kg8 38. Rxd7 Nxc3 39. Bg7 c5 40.
Bxc3 Kf8 41. Rd8+ Ke7 42. Rg8 Kf7 43. Rh8 h5 44. Rh7+ Kg8 45. Rc7 Kf8 46. Rxc5
Kf7 47. Rc7+ Kg8 48. Rc8+ Kh7 49. Rc7+ Kh6 50. Bd2+ g5 51. Rc6+ Kh7 52. Bxg5
Kg7 53. Bd8 Kf7 54. Rc5 Kg6 55. Rc6+ Kh7 56. f3 Kg7 57. f4 Kf7 58. Rc7+ Kg6 59.
Rc5 Kh6 60. f5 Kg7 61. Rc6 Kf7 62. f6 Ke8 63. Bb6 Kf7 64. Rc7+ Kxf6 65. Rc6+
Kg5 66. Rc3 h4 67. g3 hxg3 68. Rxg3+ Kh4 69. Rg7 Kh5 70. Rh7+ Kg6 71. Rh4 Kg5
72. Rc4 Kf5 73. Rc5+ Ke6 74. Rc6+ Kd5 75. Rc7 Kd6 76. Rg7 Kc6 77. Ba5 Kd5 78.
Rg5+ Ke4 79. h3 Kf4 80. Rh5 Kg3 81. h4 Kg4 82. Bc7 Kxh5 83. Bg3 Kg4 84. Bf2 Kh5
85. Kg2 Kg4 86. Kh2 Kh5 87. Kg2 Kg4 88. Kh2 Kh5 89. Kh3 Kh6 90. Be3+ Kh5 91.
Bf2 Kh6 92. Kg4 Kg6 93. h5+ Kh6 94. Be3+ Kh7 95. Kg5 Kg7 96. h6+ Kh7 97. Bd4
Kg8 98. Kg6 Kf8 99. h7 Ke7 100. h8=Q Ke6 101. Qe5+ Kd7 102. Qg7+ Ke8 103. Be3
Kd8 104. Bh6 Ke8 105. Qf8+ Kd7 106. Qf7+ Kd8 107. Bg5+ Kc8 108. Qf8+ Kd7 109.
Qe7+ Kc8 110. Bf4 1/2-1/2

[Event "Junior Online 4NCL Division 3"]
[Site "online"]
[Date "2020.11.12"]
[Round "7.54"]
[White "Vinodh, Sampriti"]
[Black "Mehta, Zara"]
[Result "1-0"]
[WhiteElo "103"]
[BlackElo "775"]
[PlyCount "63"]
[EventDate "2020.11.12"]
[WhiteTeam "East Kilbride Rooks"]
[BlackTeam "Blue Foxes"]

1. e4 d5 2. Nc3 dxe4 3. Nxe4 Nc6 4. Nc3 Nf6 5. Nf3 Bg4 6. Be2 g5 7. Nxg5 Bh6 8.
Nge4 O-O 9. Nxf6+ exf6 10. Bxg4 Bf4 11. d3 Bxc1 12. Qxc1 Qd6 13. Nb5 Qd5 14.
Nxc7 Qa5+ 15. Qd2 Qxd2+ 16. Kxd2 Rac8 17. Bxc8 Rxc8 18. Nd5 Rd8 19. Nxf6+ Kg7
20. Ne4 Nb4 21. Nc5 Rc8 22. d4 Rd8 23. Kc3 Nc6 24. Nxb7 Rxd4 25. Rhd1 Rb4 26.
b3 Rxb7 27. Rd6 Rb6 28. Re1 f5 29. Re3 f4 30. Rf3 Nb4 31. Rxb6 axb6 32. Kxb4
1-0

[Event "Junior Online 4NCL Division 3"]
[Site "online"]
[Date "2020.11.12"]
[Round "7.55"]
[White "Biswas, Snigdha"]
[Black "Ahmad, Amelia"]
[Result "1-0"]
[WhiteElo "300"]
[BlackElo "850"]
[PlyCount "145"]
[EventDate "2020.11.12"]
[WhiteTeam "East Kilbride Rooks"]
[BlackTeam "Blue Foxes"]

1. e4 e5 2. Nf3 Nc6 3. Nc3 Nf6 4. Bc4 Bc5 5. d3 Ng4 6. Be3 Bxe3 7. fxe3 Nxe3 8.
Qe2 Nxc4 9. dxc4 d6 10. O-O-O Bd7 11. Nd5 Bg4 12. Ne3 Nd4 13. Nxg4 Nxe2+ 14.
Kb1 h5 15. Ne3 Qd7 16. c5 Qc6 17. cxd6 cxd6 18. Ng5 Qb6 19. Nc4 Qb5 20. Nxd6+
Ke7 21. Nxb5 f6 22. Nf3 g5 23. h4 g4 24. Ne1 Ng3 25. Rg1 Ne2 26. Rf1 Rhc8 27.
Na3 Rc6 28. Rd2 Nd4 29. c3 Ne6 30. Nec2 Rd8 31. Rfd1 Rcd6 32. Nc4 Rc6 33. Rxd8
Nxd8 34. Na5 Rb6 35. Nc4 Rb5 36. N2a3 Rc5 37. Ne3 Rc6 38. Nd5+ Ke6 39. Ne3 Rc7
40. Nb5 Rc8 41. Nxa7 Ra8 42. Nb5 Ra5 43. Nc7+ Ke7 44. Ncd5+ Ke8 45. Nxf6+ Kf7
46. Nxh5 Ne6 47. Nxg4 Kg6 48. Nhf6 Kf7 49. h5 Kg7 50. h6+ Kh8 51. h7 Ra8 52.
Rd6 Nf4 53. Rd7 Nxg2 54. Rxb7 Rf8 55. Rb5 Kg7 56. Rxe5 Rxf6 57. Nxf6 Kh8 58.
Re8+ Kg7 59. h8=Q+ Kf7 60. Rg8 Ke6 61. Qh7 Kxf6 62. Qh2 Ne3 63. Qf2+ Nf5 64.
Qxf5+ Ke7 65. Rg1 Kd6 66. Rd1+ Kc6 67. e5 Kb6 68. e6 Kc7 69. e7 Kb7 70. e8=Q
Kb6 71. Qee6+ Ka7 72. Qff7+ Kb8 73. Qee8# 1-0

[Event "Junior Online 4NCL Division 3"]
[Site "online"]
[Date "2020.11.12"]
[Round "7.56"]
[White "Harper, Lauren"]
[Black "Bhattacharjee, Aaditya"]
[Result "0-1"]
[WhiteElo "767"]
[BlackElo "250"]
[PlyCount "48"]
[EventDate "2020.11.12"]
[WhiteTeam "Blue Foxes"]
[BlackTeam "East Kilbride Rooks"]

1. e4 e5 2. Nf3 Nf6 3. Bb5 c6 4. Ba4 b5 5. Bb3 a5 6. O-O a4 7. Nxe5 axb3 8. Nd3
bxc2 9. Qxc2 Be7 10. Qd1 Nxe4 11. Nc3 Nxc3 12. dxc3 O-O 13. b3 Na6 14. Nb4 Nxb4
15. cxb4 Bxb4 16. g3 Bc3 17. Rb1 Rxa2 18. h4 Bb7 19. Bg5 Qe8 20. Re1 Bxe1 21.
Qxe1 Qa8 22. Rc1 c5 23. Rb1 Bh1 24. Rc1 Qg2# 0-1

[Event "Junior Online 4NCL Division 3"]
[Site "online"]
[Date "2020.11.12"]
[Round "7.57"]
[White "Vusikala, Tarun"]
[Black "Gadhia, Sai"]
[Result "1-0"]
[WhiteElo "103"]
[BlackElo "775"]
[PlyCount "123"]
[EventDate "2020.11.12"]
[WhiteTeam "East Kilbride Rooks"]
[BlackTeam "Blue Foxes"]

1. e4 e5 2. Nf3 Nc6 3. Bc4 Nf6 4. O-O Na5 5. Nc3 Nxc4 6. d3 Na5 7. Bd2 d5 8.
Nxd5 Be6 9. Nxf6+ gxf6 10. Bxa5 b6 11. Bd2 Qd6 12. c4 a6 13. a3 b5 14. Bb4 Qc6
15. Bxf8 Rxf8 16. cxb5 Qxb5 17. b3 O-O-O 18. a4 Qc5 19. Rc1 Qa7 20. Qc2 f5 21.
exf5 c5 22. Qxc5+ Kb7 23. Qxa7+ Kxa7 24. Rc7+ Kb8 25. Rc6 Bxf5 26. Rxa6 Bc8 27.
Rb6+ Ka7 28. a5 Rd5 29. Rd1 Rxa5 30. Rc6 Bd7 31. Rc7+ Kb8 32. Rxd7 Kc8 33. Rd6
Rd8 34. Rxd8+ Kxd8 35. d4 exd4 36. Nxd4 Rd5 37. Nc6+ Kd7 38. Rxd5+ Kxc6 39. Ra5
Kb6 40. Ra4 Kb5 41. Ra3 Kb4 42. Ra4+ Kxb3 43. Ra7 Kc4 44. Rxf7 Kd5 45. Rxh7 Ke6
46. g4 Kf6 47. Rh6+ Kg7 48. g5 Kg8 49. g6 Kg7 50. Rh5 Kxg6 51. Rh4 Kf5 52. Rb4
Kg5 53. h4+ Kh5 54. f4 Kxh4 55. f5+ Kg5 56. Rb5 Kf4 57. f6 Kg4 58. f7 Kg3 59.
f8=Q Kg4 60. Rb7 Kg5 61. Rg7+ Kh4 62. Qh8# 1-0

[Event "Junior Online 4NCL Division 3"]
[Site "online"]
[Date "2020.11.12"]
[Round "7.58"]
[White "Mehta, Zara"]
[Black "Vinodh, Sampriti"]
[Result "0-1"]
[WhiteElo "775"]
[BlackElo "103"]
[PlyCount "66"]
[EventDate "2020.11.12"]
[WhiteTeam "Blue Foxes"]
[BlackTeam "East Kilbride Rooks"]

1. e4 e5 2. Nf3 Nc6 3. Nc3 Nf6 4. Bb5 Bc5 5. Bxc6 dxc6 6. Nxe5 Bd4 7. O-O Bxe5
8. Qe1 Bxc3 9. bxc3 Qe7 10. Qe3 O-O 11. Re1 Ng4 12. Qf3 Re8 13. h3 Ne5 14. Qh5
g6 15. Qh6 Qf8 16. Qh5 gxh5 17. Re3 Ng6 18. Re1 Ne5 19. d4 Nc4 20. e5 Na3 21.
Bxa3 Qxa3 22. Rad1 Qxa2 23. Rd2 Bf5 24. Rde2 Bxc2 25. Re4 Bxe4 26. Rxe4 Qd2 27.
g4 hxg4 28. hxg4 Qxc3 29. g5 Rf8 30. Rh4 Qf3 31. Rh6 Qf5 32. Rd6 cxd6 33. exd6
Qxg5+ 0-1

[Event "Junior Online 4NCL Division 3"]
[Site "online"]
[Date "2020.11.12"]
[Round "7.61"]
[White "Shkuratovskyi, Makariy"]
[Black "Dhir, Jai Alexander"]
[Result "1-0"]
[WhiteElo "1375"]
[BlackElo "1000"]
[PlyCount "44"]
[EventDate "2020.11.12"]
[WhiteTeam "KJCA Young Kestrels F"]
[BlackTeam "Uxbridge JAMMA"]

1. e4 e5 2. Nf3 Nc6 3. Bc4 Be7 4. c3 Nf6 5. Qe2 O-O 6. d4 exd4 7. cxd4 a6 8. e5
Bb4+ 9. Bd2 Re8 10. Bxb4 Nxb4 11. a3 Nc6 12. d5 Na5 13. exf6 Rxe2+ 14. Kxe2
Nxc4 15. b3 Na5 16. b4 Nb3 17. Ra2 Qxf6 18. Rd1 d6 19. a4 Bg4 20. Ra3 Re8+ 21.
Kf1 Bxf3 22. Rxb3 Bxd1 1-0

[Event "Junior Online 4NCL Division 3"]
[Site "online"]
[Date "2020.11.12"]
[Round "7.62"]
[White "Aurangabadkar, Anish R"]
[Black "Allen, George"]
[Result "0-1"]
[WhiteElo "880"]
[BlackElo "1390"]
[PlyCount "28"]
[EventDate "2020.11.12"]
[WhiteTeam "Uxbridge JAMMA"]
[BlackTeam "KJCA Young Kestrels F"]

1. e4 e5 2. Nf3 Nc6 3. Bc4 Bc5 4. d3 d6 5. Nc3 Bg4 6. h3 Bh5 7. O-O h6 8. Nd5
Nf6 9. Qe2 Nd4 10. Nxf6+ Qxf6 11. Qd1 Nxf3+ 12. gxf3 Bxf3 13. Qe1 Qg6+ 14. Kh2
Qg2# 0-1

[Event "Junior Online 4NCL Division 3"]
[Site "online"]
[Date "2020.11.12"]
[Round "7.64"]
[White "Shah, Rohan"]
[Black "Oprea, Lucas"]
[Result "0-1"]
[WhiteElo "700"]
[BlackElo "1255"]
[PlyCount "78"]
[EventDate "2020.11.12"]
[WhiteTeam "Uxbridge JAMMA"]
[BlackTeam "KJCA Young Kestrels F"]

1. d4 d5 2. c4 Nf6 3. Nc3 dxc4 4. e3 Nc6 5. Bxc4 Be6 6. Nf3 Bxc4 7. Nd2 Bd5 8.
O-O Qd6 9. Nb5 Qd7 10. Qe2 O-O-O 11. Nxa7+ Nxa7 12. e4 Bc6 13. d5 Bb5 14. Qe3
Bxf1 15. Qxa7 c6 16. dxc6 bxc6 17. Qa8+ Kc7 18. Qa5+ Kb8 19. Qb6+ Qb7 20. Qxd8+
Qc8 21. Qb6+ Ka8 22. Qa5+ Qa6 23. Qd8+ Kb7 24. Nxf1 Qb6 25. Qd3 Qa6 26. Qb3+
Qb5 27. Qxf7 Qb6 28. Qc4 Ng4 29. Be3 Nxe3 30. Nxe3 Qxb2 31. Rf1 Qb5 32. Qc1 e5
33. h4 Bc5 34. Nd1 Qa5 35. Qb1+ Bb4 36. Qb2 Qa3 37. Qxe5 Rc8 38. Qxg7+ Rc7 39.
Qxh7 Rxh7 0-1

[Event "Junior Online 4NCL Division 3"]
[Site "online"]
[Date "2020.11.12"]
[Round "7.65"]
[White "Dhir, Jai Alexander"]
[Black "Shkuratovskyi, Makariy"]
[Result "0-1"]
[WhiteElo "1000"]
[BlackElo "1375"]
[PlyCount "67"]
[EventDate "2020.11.12"]
[WhiteTeam "Uxbridge JAMMA"]
[BlackTeam "KJCA Young Kestrels F"]

1. e4 e5 2. Nf3 Nf6 3. Nc3 Bb4 4. d3 Bxc3+ 5. bxc3 Nc6 6. Be2 d5 7. exd5 Nxd5
8. c4 Nf6 9. O-O O-O 10. Bg5 Bg4 11. Bxf6 Qxf6 12. c3 Bxf3 13. Bxf3 Rfe8 14.
Rb1 Rab8 15. Bxc6 bxc6 16. Rxb8 Rxb8 17. Qa4 Rb7 18. c5 h6 19. d4 exd4 20. cxd4
Qe6 21. a3 Qg6 22. h3 Rb1 23. Qxa7 Rxf1+ 24. Kxf1 Qd3+ 25. Kg1 Qxd4 26. Qxc7
Qxc5 27. a4 g6 28. a5 g5 29. a6 Qc1+ 30. Kh2 Qa1 31. a7 Qa6 32. Qd8+ Kg7 33.
a8=Q Qxa8 34. Qxa8 0-1

[Event "Junior Online 4NCL Division 3"]
[Site "online"]
[Date "2020.11.12"]
[Round "7.66"]
[White "Allen, George"]
[Black "Aurangabadkar, Anish R"]
[Result "1-0"]
[WhiteElo "1390"]
[BlackElo "880"]
[PlyCount "45"]
[EventDate "2020.11.12"]
[WhiteTeam "KJCA Young Kestrels F"]
[BlackTeam "Uxbridge JAMMA"]

1. b4 e5 2. Bb2 Nc6 3. b5 Nb8 4. Bxe5 Qe7 5. Bb2 Qc5 6. e3 d6 7. Bd4 Qd5 8. c4
Qe6 9. Nc3 f6 10. h3 Ne7 11. Nf3 Nf5 12. Bd3 Nxd4 13. Nxd4 Qf7 14. O-O Be6 15.
Qb3 c6 16. Rfc1 d5 17. Nxe6 Qxe6 18. cxd5 cxd5 19. Nxd5 Bd6 20. Nc7+ Bxc7 21.
Qxe6+ Kd8 22. Bf5 Be5 23. Rc8# 1-0

[Event "Junior Online 4NCL Division 3"]
[Site "online"]
[Date "2020.11.12"]
[Round "7.68"]
[White "Oprea, Lucas"]
[Black "Shah, Rohan"]
[Result "1-0"]
[WhiteElo "1255"]
[BlackElo "700"]
[PlyCount "101"]
[EventDate "2020.11.12"]
[WhiteTeam "KJCA Young Kestrels F"]
[BlackTeam "Uxbridge JAMMA"]

1. e4 e5 2. Nf3 Nc6 3. Nc3 Bc5 4. Bc4 Nf6 5. d3 O-O 6. Ng5 d6 7. O-O Ng4 8. Bd5
Nd4 9. Be3 Nxe3 10. fxe3 Qxg5 11. exd4 Bxd4+ 12. Kh1 Bg4 13. Ne2 Qh4 14. g3 Qh3
15. Nxd4 exd4 16. Qe1 Rfe8 17. Bxf7+ Kf8 18. Bxe8+ Kxe8 19. Qf2 Kd7 20. Qg2 Bf3
21. Qxf3 Re8 22. Qf7+ Re7 23. Qf5+ Qxf5 24. exf5 c5 25. f6 gxf6 26. Rxf6 b5 27.
c3 dxc3 28. bxc3 c4 29. dxc4 bxc4 30. Rg1 a5 31. g4 a4 32. Rh6 a3 33. g5 Rg7
34. g6 hxg6 35. Rgxg6 Rxg6 36. Rxg6 Kc6 37. Rg8 d5 38. Rg4 Kc5 39. h4 d4 40.
Rxd4 Kb5 41. h5 Kc5 42. h6 Kb5 43. h7 Kc5 44. Rg4 Kb5 45. Rg5+ Ka4 46. Rg4 Kb5
47. h8=Q Kc5 48. Qh5+ Kd6 49. Rg6+ Ke7 50. Qh7+ Kf8 51. Rg8# 1-0